| 000 | 00922nam a22002775i 4500 | ||
|---|---|---|---|
| 001 | 183245 | ||
| 003 | ES-MaACL | ||
| 005 | 20260115063028.0 | ||
| 008 | 140131s1987 sp | |||| ||spa d | ||
| 020 | _a84-206-2316-4 | ||
| 080 | _a321.6 | ||
| 080 | _a342.392 | ||
| 100 | 1 |
_aArendt, Hannah, _d1906-1975 _9242687 |
|
| 245 | 1 | 4 |
_aLos orígenes del totalitarismo. _n2., _pImperialismo / _cHannah Arendt ; versión de Guillermo Solana. |
| 250 | _a2ª ed. en Alianza Universidad. | ||
| 260 |
_aMadrid : _bAlianza Editorial, _c1987. |
||
| 300 |
_a448 p. ; _c20 cm. |
||
| 490 | 1 |
_aAlianza universidad ; _v316 |
|
| 500 | _aÍndice. | ||
| 504 | _aBibliografía. | ||
| 650 | 0 | 4 |
_aTotalitarismo- _vHistoria. _917572 |
| 700 | 1 |
_aSolana, Guillermo, _d1930-2004 _9107067 |
|
| 830 | 0 |
_aAlianza universidad ; _v316 _9177276 |
|
| 852 |
_aES-MaACL _jL-30076 _z.- Donat. Miguel A. Velasco |
||
| 999 |
_c183245 _d183245 |
||